00810nam a22001817a 4500003000900000008004100009040007100050082001900121100003400140245004500174260004300219300006300262505020500325650002400530650002800554650002300582650002300605AR-CdUCM190313b ||||| |||| 00| 0 spa d aMUNICIPALIDAD PROVINCIAL DEL CUSCOcBIBLIOTECA MUNICIPAL DEL CUSCO a985.02 / bB18 aBallesteros-Gaibrois, Manuel  aDescubrimiento y conquista del Perú /  aBarcelona : bSalvat editores, c1963. aVIII, 483 páginas ; bilustraciones, láminas ;c24 cm. aContenido: Precedentes del descubrimiento del Perú -- Descubrimiento del Perú: expediciones -- Pizarro en España y regreso al Perú: Tumbez -- De Tumbez a Cajamarca: prisión de Atahuallpa ... aHistoria del Perú aDescubrimiento - Perú aConquista - Perú aPerú - Siglo XVI